French Wine regions - Click Map - Statistics

General Stats
  • This quiz has been taken 394 times
  • The average score is 10 of 18
Answers on the Map
Answers color-coded by a green-red scale on the quiz's map according to % correct below.
 
Answer Stats
Answer % Correct
Alsace
90%
Bordeaux
76%
Champagne
71%
Corse
69%
Provence
69%
Val de Loire
63%
Sud-Ouest
59%
Bourgogne
56%
Vallée du Rhône
55%
Jura
51%
Languedoc
51%
Lorraine
48%
Roussillon
48%
Savoie
44%
Lyonnais
42%
Beaujolais
40%
Charentes
33%
Bugey
18%
No matching quizzes found
Score Distribution
Percent of People with Each Score
Percentile by Number Answered
Your Score History
You have not taken this quiz